000 00774nam a2200217 a 4500
001 000021215
005 20200930011250.0
008 100902s2007 sp ab 000 0 spa d
020 _a9788408466277
040 _aDO-SdBNP
_bspa
_cBNPHU
082 _a909
_bA881h
245 0 0 _aAtlas histórico :.
260 _aEspaña :
_bPlaneta,
_c2007.
300 _a368 p. :
_bil. ; map. ;.
490 1 _aBiblioteca hispánica
500 _aIncluye áreas temática e índice de materias
505 2 _aPrehistoria y mundo antiguo -- La antigüedad -- El mundo en la edad media -- La ampliación del mundo -- La era de las revoluciones -- Del siglo XX a la globalización.
650 4 _aHistoria universal
_vATLAS
_944343
830 0 _aBiblioteca hispánica
_944344
049 _aBNPD
999 _c20716
_d20716